Biblioteca

Miedo al sexo / Pedro Guerrero (Registro nro. 32641)

Detalles MARC
000 -LÍDER
Campo fijo de descripción fija 007700000a22001930004500
041 0# - CÓDIGO DE IDIOMA
Código de idioma para texto/pista de sonido o título separado
082 04 - NÚMERO DE CLASIFICACIÓN DECIMAL DEWEY
Número de clasificación G 176 G9437m
001 - NÚMERO DE CONTROL
Campo de control 1318
100 1# - ASIENTO PRINCIPAL--NOMBRE PERSONAL
Nombre personal Guerrero González, Pedro (1937-)
245 10 - TÍTULO
Título del Material Miedo al sexo / Pedro Guerrero
260 ## - PUBLICACIÓN, DISTRIBUCIÓN, ETC. (PIE DE IMPRENTA)
Lugar de publicación, distribución, etc. Bogotá, Colombia : Canal Ramírez-Antares
300 ## - DESCRIPCIÓN FÍSICA
Extensión 137 Pag.
336 ## - CONTENT TYPE
Content type term texto
Content type code txt
Source rdacontent
337 ## - MEDIA TYPE
Source rdamedia
Media type term sin mediación
Media type code n
338 ## - CARRIER TYPE
Source rdacarrier
Carrier type term volumen
Carrier type code nc
505 00 - NOTA DE CONTENIDO
Nota de contenido con formato preestablecido el miedo sexual -- introducción -- influencia de la cultura en el comportamiento sexual -- vejez, sexo y cultura -- tratamiento penal de algunas conductas sexuales -- maría o el erotismo romántico -- aspectos eróticos de la obra de Gabriel García Márquez
650 14 - ASIENTO SECUNDARIO DE MATERIA - TERMINO TEMÁTICO
Término temático o nombre geográfico como elemento de entrada SEXO (PSICOLOGIA) \ ETICA SEXUAL
942 ## - TIPO DE MATERIAL (KOHA)
Tipo de Item KOHA Libros General
Existencias
Estado de Material Estado de Perdido Estado de Dañado No para Préstamo Colección Tomo Biblioteca de Origen Biblioteca Permanente Fecha de Adquisición Total de Préstamos Signatura Topográfica Código de Barras Última vez visto Última vez Préstado Ejemplar/Existencia Fecha de Remplazo Tipo de Material
        Colección General   Biblioteca FUSBC Biblioteca FUSBC 13/10/2004 1 G 176 G9437m 786 18/04/2024 01/08/2017 1 26/01/2016 Libros General

Biblioteca FUSBC | Teléfono: (57+4) 349 88 10 Ext. 141| WhatsApp (+57) 3005338115 
E-mail: biblioteca@unisbc.edu.co | Calle 76 87-14 Robledo Palenque, Medellín, Colombia

Con tecnología Koha